000 00634nam a2200169 a 4500
008 130823s2011 ||||||||||||||||| || u
020 _a9780273757344
050 _aHD 58.7 Mul
100 _aMullins, Laurie J
245 1 0 _aEssentials of organisational behaviour. (3rd ed.)
_cby Laurie J. Mullins
250 _a3rd ed.
260 _aHarlow Essex:
_bPearson Education, Inc
_c2011
300 _axxi, 500p.: ill.
650 0 _aMANAGEMENT
650 _aORGANIZATIONAL BEHAVIOUR
995 _FCBU-MAIN LIBRARY (Kitwe)
_M1
_UAVAILABLE
_WOct 30, 2013
_ZMain Library Open Access Collection
999 _c42460
_d42460